[Event "Cutro op-B 08th"]
[Site "Cutro"]
[Date "2002.04.29"]
[Round "6"]
[White "Anastasio, Giovanni"]
[Black "Olivo, Paolo"]
[Result "0-1"]
[WhiteElo "1507"]
[BlackElo "1570"]
[PlyCount "164"]
[EventDate "2002.04.24"]
[EventType "swiss"]
[EventRounds "9"]
[EventCountry "ITA"]
[SourceTitle "EXT 2024"]
[Source "ChessBase"]
[SourceDate "2023.10.10"]
[SourceVersion "1"]
[SourceVersionDate "2023.10.10"]
[SourceQuality "1"]

1. d4 Nf6 2. e3 g6 3. Nf3 Bg7 4. Bd3 0-0 5. e4 d6 6. 0-0 Bg4 7. Nbd2 e6 8. c3 c6 9. Qc2 Nbd7 10. b3 e5 11. Ba3 c5 12. dxe5 Ne8 13. exd6 Nxd6 14. Rab1 Qa5 15. Bb2 b5 16. Be2 Qc7 17. c4 b4 18. Bxg7 Kxg7 19. Qb2+ Kg8 20. Rfe1 Rfe8 21. Bd3 a5 22. Re3 a4 23. bxa4 Rxa4 24. Bc2 Ra6 25. Rbe1 Rea8 26. Bb3 Nb7 27. Ra1 Na5 28. Nh4 Ne5 29. f3 Nxb3 30. Rxb3 Be6 31. Qc2 Qe7 32. g3 Qf6 33. Qb2 g5 34. Ng2 Rd8 35. Rf1 Ra3 36. Kh1 Qg7 37. Rxa3 bxa3 38. Qc1 Rd4 39. Ne3 Qf8 40. Nd5 Qd8 41. Qc2 Nd3 42. Nb3 Nb4 43. Nxb4 Rxc4 44. Qf2 cxb4 45. Qe2 Qc7 46. Rf2 Rc3 47. Nd4 Qc4 48. Qd2 h6 49. Nxe6 Rd3 50. Qc2 Qxc2 51. Rxc2 fxe6 52. Kg2 Rc3 53. Rd2 b3 54. axb3 Rxb3 55. Rd8+ Kf7 56. Ra8 Rb2+ 57. Kh3 a2 58. g4 Kf6 59. Kg3 Ke5 60. Ra4 Kd6 61. h4 e5 62. hxg5 hxg5 63. Ra5 Kc6 64. Ra3 Kb5 65. Ra8 Kb4 66. f4 exf4+ 67. Kf3 Kc4 68. Rc8+ Kb4 69. Rb8+ Kc5 70. Rc8+ Kb6 71. Ra8 Kb5 72. Rb8+ Kc4 73. Rc8+ Kb3 74. Ra8 Kc2 75. e5 Kb1 76. e6 Rb7 77. e7 Rxe7 78. Rb8+ Ka1 79. Rb6 Re3+ 80. Kg2 Re2+ 81. Kf3 Rb2 82. Rd6 Kb1 0-1

[Event "Cutro op-B 08th"]
[Site "Cutro"]
[Date "2002.04.29"]
[Round "7"]
[White "Tomba, Patrizia"]
[Black "Anastasio, Giovanni"]
[Result "1-0"]
[WhiteElo "1543"]
[BlackElo "1507"]
[PlyCount "133"]
[EventDate "2002.04.24"]
[EventType "swiss"]
[EventRounds "9"]
[EventCountry "ITA"]
[SourceTitle "EXT 2024"]
[Source "ChessBase"]
[SourceDate "2023.10.10"]
[SourceVersion "1"]
[SourceVersionDate "2023.10.10"]
[SourceQuality "1"]

1. e4 c5 2. d4 cxd4 3. c3 dxc3 4. Nxc3 e6 5. Nf3 Bb4 6. Bd2 a6 7. Bc4 Ne7 8. 0-0 b5 9. Bb3 Bb7 10. Qe2 Nbc6 11. Rfd1 0-0 12. Be1 Ng6 13. Qd3 Nge5 14. Nxe5 Nxe5 15. Qd4 Bxc3 16. Bxc3 f6 17. Bb4 Re8 18. Rd2 Bc6 19. Rad1 a5 20. Bc5 a4 21. Bc2 Nc4 22. Re2 e5 23. Qc3 Qa5 24. Bb4 Qa7 25. b3 Nb6 26. Bc5 Qb7 27. Bxb6 Qxb6 28. bxa4 bxa4 29. Red2 Rac8 30. Qc4+ Kh8 31. Bxa4 Rcd8 32. h3 h6 33. Rd6 Rc8 34. Bxc6 Rxc6 35. Rxc6 Qxc6 36. Qf7 Rd8 37. Qe7 Qc7 38. a4 Qc8 39. a5 Qc7 40. a6 Qc8 41. a7 Kh7 42. Ra1 Qa8 43. Qxd8 Qxd8 44. a8Q Qb6 45. Qd5 Qc7 46. Rd1 Qc2 47. Qd3 Qc6 48. f3 Kg6 49. Qxd7 Qc5+ 50. Kh2 Qe3 51. Qf5+ Kf7 52. Rd7+ Kf8 53. Rd8+ Kf7 54. Rd7+ Kf8 55. Rc7 Qf4+ 56. Qxf4 exf4 57. g4 fxg3+ 58. Kxg3 Kg8 59. Kf4 Kh7 60. Kf5 h5 61. f4 Kh6 62. Rc8 Kh7 63. e5 fxe5 64. fxe5 g6+ 65. Kf6 h4 66. e6 g5 67. e7 1-0